| 000 | 00710nam a2200193 a 4500 | ||
|---|---|---|---|
| 001 | 000007370 | ||
| 005 | 20250509170321.0 | ||
| 008 | 090908s2003 dr a 001 0 spa d | ||
| 040 | _aDO-SdBNP | ||
| 082 | _bP641p | ||
| 245 | 0 | 3 |
_aLa pedagogía social un desafío a la educación escolar. : _bmanual teórico-práctico para docentes de todas las escuelas / _cRosa Pillier...[et al.]; colaborador; Luis Rafael López Ortiz. |
| 260 |
_aSanto Domingo, : _bUniversitaria, _c2003. |
||
| 300 |
_a68 p. : _bil ; _c21 cm. |
||
| 504 | _aIncluye referencias bibliográficas [67-68] | ||
| 650 | 0 |
_aEducación _951588 |
|
| 650 | 0 |
_aPedagogía _9693 |
|
| 700 | 1 |
_aTavárez Marzán, Miledys _eprólogo _920500 |
|
| 049 | _aBNPD | ||
| 999 |
_c7151 _d7151 |
||